000 00505nam a22001577a 4500
003 OSt
008 260428b |||||||| |||| 00| 0 eng d
082 _a635.93424
_bD18S
100 _aDas, Alak Kumar
245 _aStudies on the Effect of Plant Growth Substances on Growth, Flowering, Corm and Cormel Production of Gladiolus (Gladiolus byzantinus) CV. Oscar
260 _aPusa, Samastipur
_bRAU
_c1993
300 _a72P.
502 _bMsc.
_d1993
650 _aVegetable & Floriculture
942 _2ddc
_cT
999 _c50218
_d50218